000 00668cam a22002413a 4500
001 30861
003 PGUSA
005 20140828083652.0
008 100105s2010||||xxu|||||s|||||000 | eng d
040 _aPGUSA
_beng
042 _adc
050 4 _aTX
100 1 _aPierce, Paul,
_d1866-
245 1 0 _aBreakfasts and Teas :
_bNovel Suggestions for Social Occasions
_h[electronic resource] /
_cPaul Pierce
260 _bProject Gutenberg,
_c2010
506 _aPublic domain in the USA.
516 _aElectronic text
653 _aGames
653 _aCooking
830 0 _aProject Gutenberg
_v30861
856 4 0 _uhttp://www.gutenberg.org/ebooks/30861
942 _cEB
999 _c260116
_d260116